000 00769nam0a22002531 4500
001 RU\NLR\INFOCOMM\LIB1\18638
005 20250617210243.0
035 _a(NLR Aleph) 004339308
090 _a3097609
_c3097609
100 _a20010828d1976 |||y0rusy50 ca
101 0 _afin
102 _aRU
105 _ay ||||000ay
200 1 _aRunontupa
_fSalli Lund
_eRunoja,runoelma
210 _aPetroskoi
_cKarjala
_d1976
215 _a80с.
_d14см
300 _aВ вып. дан.: Хилл (Салли Лунд) Салми Матвеевна.Мой поэтический дом.
700 1 _aLund
_bS.
_gSalli
_4070
801 1 _aRU
_bInfoComm
_c20020131
801 0 _aRU
_bNLR
_gPSBO
_c19771026
852 _aNLR
_bН
_jФин/1-336
942 _cBOOK
980 _aNB